Forest research capacities in 18 European countries

Bibliographic Details
Main Author: BYSTRIAKOVA
Other Authors: Schuck
Format: Book
Published: Luxembourg : Office for Official Publications of the European Communities , 1999
Subjects:

MARC

LEADER 00000cam a2200000 7i4500
001 0000001836
005 20020207.0
020 0 0 |a 9282875768 
090 0 0 |a 634.9072   |b BYS 1999 
100 1 0 |a BYSTRIAKOVA   |h Nadia 
245 1 0 |a Forest research capacities in 18 European countries   |c Nadia Bystriakova and Andreas Schuck 
260 0 0 |a Luxembourg :   |b Office for Official Publications of the European Communities ,   |c 1999 
300 |a 378 p. ;   |c 24 cm. 
650 0 0 |a Forests and forestry   |x Research 
700 0 1 |a Schuck   |h Andreas 
998 |a JPSM 
999 |a 0000002862   |b Monograph   |c Open Shelf   |e Default branch